LIBRARY & INFORMATION CENTRE, KCAET, TAVANUR

ONLINE PUBLIC ACCESS CATALOGUE (OPAC)

Grape in India / (Record no. 1303)

MARC details
000 -LEADER
fixed length control field 00495cam a2200193ua 4500
041 ## - LANGUAGE CODE
Language code of text/sound track or separate title eng
082 ## - DEWEY DECIMAL CLASSIFICATION NUMBER
Classification number 634.32
Item number RAJ/GR
100 ## - MAIN ENTRY--AUTHOR NAME
Personal name Rajmani pandey, .
245 ## - TITLE STATEMENT
Title Grape in India /
250 ## - EDITION STATEMENT
Edition statement 1 /
260 ## - PUBLICATION, DISTRIBUTION, ETC. (IMPRINT)
Place of publication New Delhi :
Name of publisher Indian Council for Agricultural Research ,
Year of publication 1996.
300 ## - PHYSICAL DESCRIPTION
Number of Pages 115 ; .
700 1# - ADDED ENTRY--PERSONAL NAME
Personal name Shyamnagina pandey, .
942 ## - ADDED ENTRY ELEMENTS (KOHA)
Koha item type Books
Holdings
Withdrawn status Lost status Damaged status Home library Current library Date acquired Full call number Accession Number Koha item type
      KAUAET KAUAET 07/04/2012 634.32 19548 Books
free website counter